<?xml version="1.0" encoding="UTF-8"?><?xml-stylesheet type="text/xsl" href="static/style.xsl"?><OAI-PMH xmlns="http://www.openarchives.org/OAI/2.0/" xmlns:xsi="http://www.w3.org/2001/XMLSchema-instance" xsi:schemaLocation="http://www.openarchives.org/OAI/2.0/ http://www.openarchives.org/OAI/2.0/OAI-PMH.xsd"><responseDate>2026-04-17T08:08:58Z</responseDate><request verb="GetRecord" identifier="oai:www.recercat.cat:10256/27901" metadataPrefix="marc">https://recercat.cat/oai/request</request><GetRecord><record><header><identifier>oai:recercat.cat:10256/27901</identifier><datestamp>2025-12-12T11:59:28Z</datestamp><setSpec>com_2072_452955</setSpec><setSpec>com_2072_2054</setSpec><setSpec>col_2072_453068</setSpec></header><metadata><record xmlns="http://www.loc.gov/MARC21/slim" xmlns:dcterms="http://purl.org/dc/terms/" xmlns:xsi="http://www.w3.org/2001/XMLSchema-instance" xmlns:doc="http://www.lyncode.com/xoai" xsi:schemaLocation="http://www.loc.gov/MARC21/slim http://www.loc.gov/standards/marcxml/schema/MARC21slim.xsd">
   <leader>00925njm 22002777a 4500</leader>
   <datafield ind2=" " ind1=" " tag="042">
      <subfield code="a">dc</subfield>
   </datafield>
   <datafield ind2=" " ind1=" " tag="720">
      <subfield code="a">Mellado-Moreno, Pedro César</subfield>
      <subfield code="e">author</subfield>
   </datafield>
   <datafield ind2=" " ind1=" " tag="720">
      <subfield code="a">Patiño Masó, Josefina</subfield>
      <subfield code="e">author</subfield>
   </datafield>
   <datafield ind2=" " ind1=" " tag="720">
      <subfield code="a">Ramos Pardo, Francisco Javier</subfield>
      <subfield code="e">author</subfield>
   </datafield>
   <datafield ind2=" " ind1=" " tag="720">
      <subfield code="a">Estebanell, Meritxell</subfield>
      <subfield code="e">author</subfield>
   </datafield>
   <datafield ind2=" " ind1=" " tag="260">
      <subfield code="c">2022-10-25</subfield>
   </datafield>
   <datafield ind2=" " ind1=" " tag="520">
      <subfield code="a">Las redes sociales se han convertido en uno de los medios con mayor influencia en el debate actual y la opinión pública. Las cuestiones controvertidas en educación, como es el uso de los móviles con fines educativos, no son ajenas a esta capacidad de influencia. El objetivo de este estudio es identificar las principales ideas y argumentos comunicados en medios y redes sociales asociados a la promoción o prohibición del uso del móvil en el aula Para conocer el estado de esta cuestión se ha optado por emplear el motor de búsqueda de Google en las plataformas de las principales redes sociales. Los resultados ratifican la presencia de este debate en redes sociales, que suele estar protagonizado por perfiles docentes y perfiles de medios de comunicación, así como la confrontación de argumentos que giran en torno a la promoción o prohibición. Los perfiles educativos tienden a mostrar una posición favorable hacia el uso de los móviles en el aula, frente a los perfiles de medios de comunicación. Los argumentos asociados a la promoción se centran en el aprovechamiento del potencial educativo de los móviles, mientras que los discursos de prohibición alertan de la capacidad distractora del móvil y su papel en las situaciones de acoso escolar</subfield>
   </datafield>
   <datafield ind2=" " ind1=" " tag="520">
      <subfield code="a">Las redes sociales se han convertido en uno de los medios con mayor influencia en el debate actual y la opinión pública. Las cuestiones controvertidas en educación, como es el uso de los móviles con fines educativos, no son ajenas a esta capacidad de influencia. El objetivo de este estudio es identificar las principales ideas y argumentos comunicados en medios y redes sociales asociados a la promoción o prohibición del uso del móvil en el aula Para conocer el estado de esta cuestión se ha optado por emplear el motor de búsqueda de Google en las plataformas de las principales redes sociales. Los resultados ratifican la presencia de este debate en redes sociales, que suele estar protagonizado por perfiles docentes y perfiles de medios de comunicación, así como la confrontación de argumentos que giran en torno a la promoción o prohibición. Los perfiles educativos tienden a mostrar una posición favorable hacia el uso de los móviles en el aula, frente a los perfiles de medios de comunicación. Los argumentos asociados a la promoción se centran en el aprovechamiento del potencial educativo de los móviles, mientras que los discursos de prohibición alertan de la capacidad distractora del móvil y su papel en las situaciones de acoso escolar</subfield>
   </datafield>
   <datafield ind2=" " ind1=" " tag="520">
      <subfield code="a">Financiación: La presente investigación se enmarca en el proyecto "Jóvenes y móviles en el aula. Discursos y dinámicas de prohibición, promoción e indeterminación" PID2019-108041RB-100, financiado por el Ministerio de Ciencia e Innovación del Gobierno de España/Agencia Estatal de Investigación/10.13039/501100011033.2020-2023</subfield>
   </datafield>
   <datafield ind1="8" ind2=" " tag="024">
      <subfield code="a">http://hdl.handle.net/10256/27901</subfield>
   </datafield>
   <datafield tag="653" ind2=" " ind1=" ">
      <subfield code="a">Comunicacions mòbils, Sistemes de, en l'ensenyament</subfield>
   </datafield>
   <datafield tag="653" ind2=" " ind1=" ">
      <subfield code="a">Mobile communication systems in education</subfield>
   </datafield>
   <datafield ind2="0" ind1="0" tag="245">
      <subfield code="a">El debate en redes sociales sobre el uso educativo del mòvil. Discursos de promoción y prohibición</subfield>
   </datafield>
</record></metadata></record></GetRecord></OAI-PMH>